| 000 | 00967nam a2200253 a 4500 | ||
|---|---|---|---|
| 001 | 79829 | ||
| 003 | BD-RjUL | ||
| 005 | 20230604110218.0 | ||
| 008 | 220522s2011 bg a|||| m||| 00| 0 eng d | ||
| 035 | _a(BD-RjUL)79829 | ||
| 040 |
_aBD-RjUL _beng _cBD-RjUL _dBD-RjUL |
||
| 041 | _aeng | ||
| 082 |
_a615.32357 _bSUP 2011 _223 |
||
| 100 |
_aSultana, Rajia _93114 |
||
| 245 | 0 | 1 |
_aPhytochemical and biological Studies on Polygonum hydropiper / _cRajia Sultana ; _6M. Yusuff Ali, & M. Shahed Zaman |
| 260 |
_aRajshahi : _bOrganic Research Laboratory, Department of Chemistry, Rajshahi university, _c2011 |
||
| 300 |
_a[9], 167 Leaves : _bill, ; _c29 cm. |
||
| 502 | _aThesis (Ph. D.) -- Organic Research Laboratory, Department of Chemistry, Rajshahi university, 2011 | ||
| 504 | _aReferences : Leaves [152]-163 | ||
| 650 |
_aPhytochemical _vBiological _xOrganic drugs _93115 |
||
| 700 |
_aAli, M.Yusuff _93116 |
||
| 700 |
_aZaman, M. Shahed _93117 |
||
| 942 |
_2ddc _cTHE |
||
| 999 |
_c79829 _d79829 |
||